| 000 | 00300nam a22001097a 4500 | ||
|---|---|---|---|
| 003 | OSt | ||
| 005 | 20170105105204.0 | ||
| 040 | _cRCMS | ||
| 245 |
_aQuantum Chemical Studies for the Mechanism of Phosphate Monoester Hydrolysis _bHammad Ali Hassan |
||
| 260 |
_aRCMS NUST _bRCMS NUST _cc2016 |
||
| 942 |
_2ddc _cBK |
||
| 999 |
_c24849 _d24849 |
||